Japan electronics almanac 1987

Сохранить в:
Библиографические подробности
Формат:
Язык:Undetermined
Опубликовано: Tokyo Hitachi 1987
Предметы:
Метки: Добавить метку
Нет меток, Требуется 1-ая метка записи!
Thư viện lưu trữ: Trung tâm Học liệu Trường Đại học Cần Thơ
LEADER 00457nam a2200181Ia 4500
001 CTU_98148
008 210402s9999 xx 000 0 und d
082 |a 338.47621 
082 |b J35/1987 
245 0 |a Japan electronics almanac 1987 
260 |a Tokyo 
260 |b Hitachi 
260 |c 1987 
650 |a Electronic industries 
650 |x Statistics 
650 |z Japan 
904 |i Truc 
980 |a Trung tâm Học liệu Trường Đại học Cần Thơ